000 00343nam a2200109Ia 4500
008 220204s9999 xx 000 0 und d
082 _a66(031)
_bVAN
245 0 _aMaterials and technology: A systematic encyclopedia of technology of materials used in industry and commerce. 8 V
260 _aLondon
700 _aVan Tahoor, T J W
942 _cBK
999 _c26575
_d26575